Merovingian mortuary archaeology and the making of the early Middle Ages (Record no. 77242)
[ view plain ]
| 000 -LEADER | |
|---|---|
| fixed length control field | 01504nam a22003614a 4500 |
| 082 04 - DEWEY DECIMAL CLASSIFICATION NUMBER | |
| Classification number | 393.9/09364 |
| 100 1# - MAIN ENTRY--AUTHOR NAME | |
| Personal name | Effros, Bonnie, |
| 245 10 - TITLE STATEMENT | |
| Title | Merovingian mortuary archaeology and the making of the early Middle Ages |
| 260 ## - PUBLICATION, DISTRIBUTION, ETC. (IMPRINT) | |
| Place of publication | Berkeley : |
| Name of publisher | University of California Press, |
| Year of publication | c2003. |
| 300 ## - PHYSICAL DESCRIPTION | |
| Number of Pages | xviii, 272 p. : |
| Other physical details | ill., map. |
| 490 1# - SERIES STATEMENT | |
| Series statement | The transformation of the classical heritage ; |
| 650 #0 - SUBJECT ADDED ENTRY--TOPICAL TERM | |
| Topical Term | Merovingians |
| Topical Term | Funeral rites and ceremonies |
| 856 40 - ELECTRONIC LOCATION AND ACCESS | |
| Uniform Resource Identifier | http://site.ebrary.com/lib/rucke/Doc?id=10048949 |
No items available.
